000 00908nam0a22002651 4500
001 v19\rc\2008510
005 20250619234623.0
035 _a(NLR Aleph) 005083479
090 _a7221442
_c7221442
100 _a20080811d1915 |||y0rusy50 ca
101 0 _arus
102 _aRU
105 _aa z |||||
200 1 _aСвятая великомученица Варвара
_fСост. А.Ф. Платонова
210 _aПетроград
_cУчилищ. совет при Святейшем Синоде
_d1915
215 _a32 с., 3 л. ил.
225 1 _aДивен бог во святых своих
700 1 _aПлатонова
_bА.Ф.
_gАлександра Федоровна
_4220
702 0 _aВарвара
_cсв.
_f4 в.
_4570
801 0 _aRU
_bNLR
_gpsbo
801 0 _aRU
_bRuMoRGB
_2psbo
801 1 _aRU
_bProSoft-M
_2rusmarc
852 _aNLR
_j40.22.3.233
942 _cBOOK
980 _aNB